| 000 | 00572nam a22001577a 4500 | ||
|---|---|---|---|
| 003 | OSt | ||
| 005 | 20160106143403.0 | ||
| 008 | 160106b xxu||||| |||| 00| 0 eng d | ||
| 040 | _cRUA | ||
| 082 | _aLMA KHU 2011 B310 Or.1 | ||
| 100 |
_96137 _aKHUN, SANDAB. |
||
| 245 | _aLand stansfer in khan dang kor phnom penh, ការផ្ទេរសិទ្ធកាន់កាប់អចលនវត្ថុនៅខណ្ឌដង្កោរាជធានីភ្នំពេញ | ||
| 260 |
_aPhnom Penh _bRUA _c2011 |
||
| 300 |
_aix; 44p. _bill. _c29cm. |
||
| 942 |
_2ddc _cLMA |
||
| 999 |
_c5716 _d5716 |
||